| 000 | 00000nam##2200000za#4500 |
| 001 | 9.570005 |
| 003 | CaOODSP |
| 005 | 20210624182033 |
| 007 | cr ||||||||||| |
| 008 | 150406|2006||||xxc|||||o f|0| 0 eng|d |
| 040 | |aCaOODSP|beng |
| 043 | |an-cn--- |
| 086 | 1 |aNH18-1-2/163-2006E-PDF |
| 110 | 2 |aCanada Mortgage and Housing Corporation. |
| 245 | 10|aSite control for sustainable community development : |h[electronic resource]|bfinal report / |c[by] Mark Roseland ... [et al.]. |
| 250 | |aRevised June 29, 2006 |
| 260 | |aOttawa - Ontario : |bCanada Mortgage and Housing Corporation |cJanuary 31, 2006. |
| 300 | |a49p.|bfig., maps (some coloured), references, tables, photographs |
| 490 | 1 |aResearch report |
| 546 | |a(Synthèse générale en français.) |
| 590 | |a11-26-Supp|b2011-11-03 |
| 720 | 1 |aRoseland, Mark |
| 830 | #0|aResearch report (Canada Mortgage and Housing Corporation : Online)|w(CaOODSP)9.506068 |
| 856 | 40|ahttp://publications.gc.ca|qPDF|s884 KB|uhttps://publications.gc.ca/collections/collection_2011/schl-cmhc/nh18-1-2/NH18-1-2-163-2006-eng.pdf |